000
00296nam a2200109Ia 4500
005
20260328101514.0
008
260328s9999||||xx |||||||||||||| ||und||
245
0
_a
Casas :
_b
Los PaĆses Bajos 1946-1952 /
260
_b
Netherlands Government Information Services
650
_a
VIVIENDA
942
_c
BK
999
_c
9310
_d
9310